000 02437nam a2200325 a 4500
001 000048522
003 DO-SdBNP
005 20250701130548.0
007 ta
008 190327s2017 dr ad 000 m spa d
020 _a9789945891768
040 _aDO-SdBNP
_bspa
_cBNPHU
082 4 _bF363m
_222
100 1 _aFernández Mejía, María Amparo de
_975943
245 1 0 _aMotivación y rendimiento académico en la universidad /
_cMaría Amparo Fernández de Mejía ; editor Rafael González, Luz Almánzar Rodríguez ; prólogos Pilar Arnáiz Sánchez, Alfonso Barca Lozano.
260 _aSanto Domingo :
_bMinisterio de Educación Superior Ciencia y Tecnología,
_bUniversidad de Murcia, España,
_c2017.
300 _a436 p. :
_bil., gráf. ;
_c28 cm.
490 1 _aHumanidades
_aTesis
_v1
502 _aTesis - Universidad de Murcia, 2015
504 _aBibliografía : p. 366-384
505 0 _aAgradecimientos --
_tPrólogo --
_tÍndice --
_tÍndice de tablas --
_tÍndice de figuras --
_tÍndice de cuadros --
_tIntroducción --
_tMarco teórico --
_gCapítulo 1
_tAprendizaje en contextos educativos --
_gCapítulo 2
_tMotivación para el aprendizaje y el rendimiento académico --
_gCapítulo 3
_tLos enfoques de aprendizaje y estudio --
_gCapítulo 4
_tEstrategias, motivación y regulación del aprendizaje --
_gCapítulo 5
_tEl autoconcepto en el ámbito académico --
_gCapítulo 6
_tRendimiento académico y aprendizaje escolar --
_gCapítulo 7
_tMarco general de la investigación --
_gCapítulo 8
_tResultados de la investigación (I): datos obtenidos a partir de los instrumentos de análisis --
_gCapítulo 9
_tResultados de la investigación (II): variables presagio y rendimiento académico --
_gCapítulo 10
_tResultados de la investigación (III): variables proceso y rendimiento académico --
_gCapítulo 11
_tResultados finales y discusión de resultados --
_gCapítulo 12
_tResultados finales: verificación de objetivos, contraste de hipótesis y conclusiones --
_tÍndice de tablas --
_tÍndice de figuras --
_tÍndice de cuadros --
590 _aInventariado, 2019/LP
700 1 _aAlmánzar Rodríguez, Luz
_956217
700 1 _aGonzález, Rafael,
_eed.
_924695
700 1 _aPilar Arnáiz Sánchez,
_epról.
_975944
700 1 _aBarca Lozano, Alfonso,
_epról.
_975945
710 1 _aRepública Dominicana.
_bMinisterio de Educación Superior, Ciencia y Tecnología
_972559
830 0 _aHumanidades
_pTesis
_n1
_975947
942 _2ddc
_cLBS1
999 _c48010
_d48010